000 00703nam a22002297a 4500
001 87002
003 UA-OsUOA
005 20220501152107.0
007 ta
008 20120913b un ||||| |||| 00| 0 ukr d
040 _aUA-OsUOA
_brus
_cUA-OsUOA
_dUA-OsUOA
041 _arus
080 _a82.09(40+571)
090 _a82.09(40+571)
_bМ85
100 _aМотылева Т.
245 _aРоман - свободная форма
_bстатьи последних лет
260 _aМ.
_bСоветский писатель
_c1982
300 _a399 с.
650 7 _a82.09 Літературна критика. Літературні дослідження
_2UDC
942 _cBK
_2udc
955 _a1
999 _c373219
_d373219